| 000 | 01003cam a22003494a 4500 | ||
|---|---|---|---|
| 999 |
_c2886 _d2886 |
||
| 001 | 1619155 | ||
| 003 | OCoLC | ||
| 005 | 20181019105804.0 | ||
| 008 | 750911s1945 inub 000 1 eng | ||
| 010 | _a45007532 | ||
| 035 | _a.b17455972 | ||
| 040 |
_aDLC _cDZM _dDLC _dOCLCQ _dOSU |
||
| 042 | _apcc | ||
| 049 | _aOSU@ | ||
| 050 | 0 | 0 |
_aPZ3.B3255 _bBe |
| 082 |
_a274 _bB344B |
||
| 090 |
_aPS3503.A85 _bB4 1945a |
||
| 090 |
_aPS3503.A85 _bB4 1945a |
||
| 100 | 1 | _aBauer, Florence Marvyne | |
| 245 | 1 | 0 |
_aBehold your King / _cby Florence Marvyne Bauer |
| 250 | _a1st ed | ||
| 260 |
_aIndianapolis : _bThe Bobbs-Merrill Company, _cc1945 |
||
| 300 |
_a408 p. ; _c21 cm |
||
| 500 | _aMap on lining papers | ||
| 500 | _aCopyright date from verso of t.p | ||
| 500 | _aEdition statement from verso of t.p | ||
| 600 | 0 | 0 |
_aJesus Christ _vFiction |
| 600 | 0 | 0 |
_aJesus Christ _xCharacters _vFiction |
| 600 | 0 | 0 |
_aJesus Christ _xPreaching _vFiction |
| 655 | 7 |
_aChristian fiction. _2gsafd |
|
| 942 |
_2ddc _cBK |
||